| 000 | 00498nam a22001937a 4500 | ||
|---|---|---|---|
| 003 | Nust | ||
| 005 | 20211027161456.0 | ||
| 008 | 170208b xxu||||| |||| 00| 0 eng d | ||
| 038 | _akhadija | ||
| 040 | _cc | ||
| 082 |
_a491.429321 _b KIT |
||
| 100 |
_aQureshi, B.A. _981303 |
||
| 245 |
_aPractical Dictionary : _bEnglish-English-Urdu\ _cB.A. Qureshi |
||
| 260 |
_aLahore : _bKitabistan, _c2004. |
||
| 300 |
_a960 p. ; _c24 cm. |
||
| 500 | _aHardcover. | ||
| 563 | _ahard cover | ||
| 942 |
_cBK _2ddc |
||
| 999 |
_c32245 _d32245 |
||